| 000 | 00807njm a22002297a 4500 | ||
|---|---|---|---|
| 005 | 20100908155839.0 | ||
| 006 | a|||||r|||||00| 0 | ||
| 007 | sd ammalaaahaa | ||
| 008 | 100908t xxu||||| |||| 00| 0 eng d | ||
| 028 |
_aESS.1011 _bStateside |
||
| 035 | _aGR-01352 | ||
| 040 |
_aSED _cSED |
||
| 100 |
_917690 _aVaughn, Billy |
||
| 245 |
_aChianti Song (G.Winkler) / _csung by Billy Vaughn _h[Sound Recording] : |
||
| 260 |
_aDum Dum India _bStateside |
||
| 300 |
_a1 sound disc (Gramophone Recording) _banalog, 33 1/3 rpm _c9.5 in. (MP) _fGramophone Record |
||
| 500 | _aBrief Record | ||
| 505 | _aSide-2 A Guitar Serenade (H.Rome-F.Funk). | ||
| 650 |
_aClassical Music _xExcerpts _zIndia _917691 |
||
| 942 |
_2ddc _cGR |
||
| 999 |
_c44605 _d44605 |
||